000 00303nam a22001337a 4500
008 170912b xxu||||| |||| 00| 0 eng d
020 _a9780521345040
041 _aeng
080 _a53
100 _a43
101 _aFIZ
245 _aPERSPECTIVESOF NONLINEAR DYNAMICS
_cJACKSON,E.A
942 _2udc
_cBK
999 _c27327
_d27327